000 00358cam a2200145ua 4500
041 _amal
_h
082 _a928.47
_bMUN/MA
100 _aMundassery, Joseph .
245 _aMaximgorky /
_cJoseph Mundassery.
_hTextual Documents
260 _aTrichur :
_bThe Mangalodayam pvt ,
_c1957.
300 _a101 ; .
504 _a
942 _cBK
999 _c718
_d718